书目信息 |
| 题名: |
生物资源学
|
|
| 作者: | 赵建成 , 吴跃峰 主编 | |
| 分册: | ||
| 出版信息: | 北京 科学出版社 2008.9 |
|
| 页数: | 10,409页 | |
| 开本: | 24cm | |
| 丛书名: | ||
| 单 册: | ||
| 中图分类: | Q-9 | |
| 科图分类: | ||
| 主题词: | 生物资源--高等学校--教材 , 生物资源 | |
| 电子资源: | ||
| ISBN: | 978-7-03-022739-3 | |
| 000 | 00953nam0 2200265 450 | |
| 001 | 0400003396 | |
| 005 | 20171026093158.37 | |
| 010 | @a978-7-03-022739-3@dCNY45.00 | |
| 100 | @a20171022e20162008em y0chiy ea | |
| 101 | 0 | @achi |
| 102 | @aCN@b110000 | |
| 105 | @aa z 000yy | |
| 106 | @ar | |
| 200 | 1 | @a生物资源学@9sheng wu zi yuan xue@f赵建成,吴跃峰主编 |
| 205 | @a第2版 | |
| 210 | @a北京@c科学出版社@d2008.9@h2016.2 | |
| 215 | @a10,409页@c图@d24cm | |
| 330 | @a本书主要内容包括生物资源的一般概念和特性,动、植物各大类群资源的基本特征和资源利用特点、经济价值、地理分布、引种驯化以及中国生物资源的开发、利用与保护等,并附有中国珍稀濒危保护植物名录、国家重点保护野生动物名录、中国部分重要保护区概况。 | |
| 606 | 0 | @a生物资源@x高等学校@j教材 |
| 606 | 0 | @a生物资源 |
| 690 | @aQ-9@v4 | |
| 701 | 0 | @a赵建成@9zhao jian cheng@4主编 |
| 701 | 0 | @a吴跃峰@9wu yue feng@4主编 |
| 801 | 0 | @aCN@b91MARC@c20171022 |
| 905 | @b1033701-5@dQ-9@f5@e91=2 | |
| 生物资源学/赵建成,吴跃峰主编.-第2版.-北京:科学出版社,2008.9(2016.2) |
| 10,409页:图;24cm |
| ISBN 978-7-03-022739-3:CNY45.00 |
| 本书主要内容包括生物资源的一般概念和特性,动、植物各大类群资源的基本特征和资源利用特点、经济价值、地理分布、引种驯化以及中国生物资源的开发、利用与保护等,并附有中国珍稀濒危保护植物名录、国家重点保护野生动物名录、中国部分重要保护区概况。 |
| ● |
| 相关链接 |
|
|
|
|
正题名:生物资源学
索取号:Q-9/91=2
 
预约/预借
| 序号 | 登录号 | 条形码 | 馆藏地/架位号 | 状态 | 备注 |
| 1 | 1033701 | 210337018 | 第二样本阅览室/ [索取号:Q-9/91=2] | 在馆 | |
| 2 | 1033702 | 210337027 | 密集书库-生命科学系/ [索取号:Q-9/91=2] | 在馆 | |
| 3 | 1033703 | 210337036 | 第三借阅区/ [索取号:Q-9/91=2] | 在馆 | |
| 4 | 1033704 | 210337045 | 第三借阅区/ [索取号:Q-9/91=2] | 在馆 | |
| 5 | 1033705 | 210337054 | 第三借阅区/ [索取号:Q-9/91=2] | 在馆 |